[Event "Deutsche Ländermeisterschaft 2017"]
[Site "Hannover GER"]
[Date "2017.10.01"]
[Round "2"]
[White "Weißhorn, Lasse"]
[Black "Carnot, Luca"]
[Result "1/2-1/2"]
[Termination "normal"]
[Board "6.3"]
[WhiteElo "1754"]
[BlackElo "1968"]
[WhiteClock "00:09:55"]
[BlackClock "00:01:36"]
[WhiteTeam "Hamburg"]
[BlackTeam "Thüringen"]
[PlyCount "76"]
[WhiteFideId "12943045"]
[BlackFideId "12958964"]
[EventCountry "GER"]
[EventRounds "7"]
[EventType "team-swiss"]
[EventDate "2017.09.29"]

1. e4 {[%clk 1:30:53]} c5 {[%clk 1:30:55]} 2. Nf3 {[%clk 1:30:37]} Nc6 {[%clk
1:31:19]} 3. d4 {[%clk 1:30:25]} cxd4 {[%clk 1:31:43]} 4. Nxd4 {[%clk 1:30:48]}
g6 {[%clk 1:32:09]} 5. Nc3 {[%clk 1:29:37]} Bg7 {[%clk 1:32:33]} 6. Be3 {[%clk
1:29:28]} Nf6 {[%clk 1:32:58]} 7. Nxc6 {[%clk 1:26:59]} bxc6 {[%clk 1:32:10]}
8. e5 {[%clk 1:22:06]} Nd5 {[%clk 1:31:55]} 9. Nxd5 {[%clk 1:22:20]} cxd5
{[%clk 1:32:23]} 10. Qxd5 {[%clk 1:21:34]} Rb8 {[%clk 1:32:39]} 11. O-O-O
{[%clk 1:21:03]} Qc7 {[%clk 1:29:27]} 12. Bd4 {[%clk 1:19:40]} O-O {[%clk
1:27:19]} 13. f3 {[%clk 1:17:30]} Bb7 {[%clk 1:15:44]} 14. Qc5 {[%clk 1:10:45]}
Bc6 {[%clk 1:15:25]} 15. Bc4 {[%clk 0:45:32]} Rb7 {[%clk 0:41:10]} 16. Rd3
{[%clk 0:33:53]} a5 {[%clk 0:30:15]} 17. Ba6 {[%clk 0:32:28]} Rb4 {[%clk
0:21:57]} 18. a3 {[%clk 0:31:17]} Rxd4 {[%clk 0:22:02]} 19. Qxd4 {[%clk
0:29:50]} Bxe5 {[%clk 0:22:25]} 20. Qc4 {[%clk 0:28:41]} d5 {[%clk 0:16:31]}
21. Rxd5 {[%clk 0:25:23]} Bxd5 {[%clk 0:15:56]} 22. Qxd5 {[%clk 0:25:37]} Rb8
{[%clk 0:16:11]} 23. b3 {[%clk 0:23:48]} Qc3 {[%clk 0:16:07]} 24. Rd1 {[%clk
0:22:34]} e6 {[%clk 0:13:27]} 25. Qd3 {[%clk 0:21:36]} Qb2+ {[%clk 0:13:48]}
26. Kd2 {[%clk 0:21:56]} Bf6 {[%clk 0:12:07]} 27. Ke2 {[%clk 0:21:59]} Qe5+
{[%clk 0:11:13]} 28. Qe3 {[%clk 0:20:58]} Qxh2 {[%clk 0:10:16]} 29. Kf1 {[%clk
0:20:43]} Be7 {[%clk 0:06:29]} 30. a4 {[%clk 0:19:11]} Rb4 {[%clk 0:04:42]} 31.
Bc4 {[%clk 0:18:57]} Qh1+ {[%clk 0:04:13]} 32. Qg1 {[%clk 0:19:20]} Qh4 {[%clk
0:04:34]} 33. Qd4 {[%clk 0:18:29]} Qh5 {[%clk 0:04:13]} 34. Ke2 {[%clk
0:17:19]} Bc5 {[%clk 0:02:47]} 35. Qe4 {[%clk 0:16:45]} Qg5 {[%clk 0:02:31]}
36. f4 {[%clk 0:14:33]} Qg4+ {[%clk 0:02:10]} 37. Qf3 {[%clk 0:13:11]} Qh4
{[%clk 0:01:43]} 38. Rd7 {[%clk 0:09:55]} Rb8 {[%clk 0:01:36]} 1/2-1/2

[Event "Deutsche Ländermeisterschaft 2017"]
[Site "Hannover GER"]
[Date "2017.10.01"]
[Round "2"]
[White "Summers, Jan"]
[Black "Ratay, Meike"]
[Result "0-1"]
[Termination "normal"]
[Board "6.5"]
[WhiteElo "1548"]
[BlackElo "1812"]
[WhiteClock "00:00:35"]
[BlackClock "00:12:45"]
[WhiteTeam "Hamburg"]
[BlackTeam "Thüringen"]
[PlyCount "78"]
[WhiteFideId "16217624"]
[BlackFideId "12977608"]
[EventCountry "GER"]
[EventRounds "7"]
[EventType "team-swiss"]
[EventDate "2017.09.29"]

1. e4 {[%clk 1:30:54]} e5 {[%clk 1:30:55]} 2. Nf3 {[%clk 1:31:13]} Nc6 {[%clk
1:31:18]} 3. d4 {[%clk 1:31:32]} exd4 {[%clk 1:31:36]} 4. Nxd4 {[%clk 1:31:50]}
Bc5 {[%clk 1:31:49]} 5. Be3 {[%clk 1:32:06]} Qf6 {[%clk 1:32:08]} 6. c3 {[%clk
1:32:25]} Nge7 {[%clk 1:32:21]} 7. Bc4 {[%clk 1:32:44]} b6 {[%clk 1:31:34]} 8.
O-O {[%clk 1:29:41]} Bb7 {[%clk 1:31:29]} 9. f3 {[%clk 1:21:59]} O-O-O {[%clk
1:29:45]} 10. b4 {[%clk 1:16:00]} Bxd4 {[%clk 1:25:40]} 11. cxd4 d5 {[%clk
1:16:43]} 12. exd5 {[%clk 0:51:05]} Nxd5 {[%clk 1:17:02]} 13. Bxd5 {[%clk
0:45:46]} Rxd5 {[%clk 1:17:24]} 14. Nc3 {[%clk 0:44:12]} Rd7 {[%clk 1:12:01]}
15. a3 {[%clk 0:35:34]} Nxd4 {[%clk 1:02:19]} 16. Bxd4 {[%clk 0:32:02]} Qxd4+
{[%clk 1:00:33]} 17. Qxd4 {[%clk 0:32:04]} Rxd4 {[%clk 1:01:02]} 18. Rad1
{[%clk 0:28:36]} Rhd8 {[%clk 0:56:41]} 19. Rxd4 {[%clk 0:26:32]} Rxd4 {[%clk
0:57:02]} 20. Re1 {[%clk 0:24:45]} Rd3 {[%clk 0:52:07]} 21. Rc1 {[%clk
0:24:45]} a6 {[%clk 0:48:42]} 22. Kf1 {[%clk 0:24:22]} Kd7 {[%clk 0:47:11]} 23.
Ke2 {[%clk 0:24:30]} Rd6 {[%clk 0:47:01]} 24. Ne4 {[%clk 0:21:10]} Re6 {[%clk
0:40:28]} 25. Kd3 {[%clk 0:21:12]} Bxe4+ {[%clk 0:40:42]} 26. fxe4 {[%clk
0:21:32]} Re5 {[%clk 0:39:59]} 27. Kd4 {[%clk 0:19:44]} f6 {[%clk 0:40:12]} 28.
a4 {[%clk 0:19:17]} c6 {[%clk 0:37:20]} 29. Rc3 {[%clk 0:14:39]} a5 {[%clk
0:30:07]} 30. bxa5 {[%clk 0:12:05]} Rxa5 {[%clk 0:30:31]} 31. Rc4 {[%clk
0:10:43]} Kd6 {[%clk 0:29:34]} 32. h3 {[%clk 0:07:46]} c5+ {[%clk 0:24:33]} 33.
Kd3 {[%clk 0:06:59]} b5 {[%clk 0:23:31]} 34. axb5 {[%clk 0:05:39]} Rxb5 {[%clk
0:23:57]} 35. Rc3 {[%clk 0:03:58]} Rb4 {[%clk 0:18:44]} 36. Ke3 {[%clk
0:00:52]} Kc6 {[%clk 0:14:26]} 37. Kf4 {[%clk 0:00:50]} Kb5 {[%clk 0:13:52]}
38. Kf5 {[%clk 0:00:45]} Rd4 {[%clk 0:12:57]} 39. Kf4 {[%clk 0:00:35]} Kb4
{[%clk 0:12:45]} 0-1

[Event "Deutsche Ländermeisterschaft 2017"]
[Site "Hannover GER"]
[Date "2017.10.01"]
[Round "2"]
[White "Nguyen, Ha Thanh"]
[Black "Hölzer, Jeanette"]
[Result "1-0"]
[Termination "normal"]
[Board "6.6"]
[WhiteElo "1919"]
[BlackElo "1406"]
[WhiteClock "00:03:34"]
[BlackClock "00:02:24"]
[WhiteTeam "Thüringen"]
[BlackTeam "Hamburg"]
[PlyCount "57"]
[WhiteFideId "12942154"]
[BlackFideId "12917982"]
[EventCountry "GER"]
[EventRounds "7"]
[EventType "team-swiss"]
[EventDate "2017.09.29"]

1. e4 {[%clk 1:30:58]} e5 {[%clk 1:30:54]} 2. Nf3 {[%clk 1:31:24]} Nc6 {[%clk
1:31:17]} 3. Bc4 {[%clk 1:31:48]} Bc5 {[%clk 1:31:40]} 4. c3 {[%clk 1:32:11]}
Nf6 {[%clk 1:32:01]} 5. d3 {[%clk 1:32:34]} O-O {[%clk 1:31:31]} 6. O-O {[%clk
1:32:35]} d5 {[%clk 1:31:38]} 7. exd5 {[%clk 1:30:32]} Nxd5 {[%clk 1:31:39]} 8.
Nbd2 {[%clk 1:15:53]} Bb6 {[%clk 1:29:25]} 9. Ne4 {[%clk 1:14:12]} f6 {[%clk
1:24:04]} 10. b4 {[%clk 1:07:33]} a5 {[%clk 1:20:35]} 11. b5 {[%clk 1:06:42]}
Nce7 {[%clk 1:15:56]} 12. Bb3 {[%clk 0:58:49]} Kh8 {[%clk 1:03:02]} 13. Ba3
{[%clk 0:49:57]} Re8 {[%clk 0:56:37]} 14. c4 {[%clk 0:45:54]} Nf4 {[%clk
0:53:49]} 15. c5 {[%clk 0:44:59]} Ba7 {[%clk 0:52:05]} 16. b6 {[%clk 0:43:06]}
Bb8 {[%clk 0:44:32]} 17. bxc7 {[%clk 0:15:13]} Bxc7 {[%clk 0:44:17]} 18. d4
{[%clk 0:06:29]} Bg4 {[%clk 0:35:41]} 19. dxe5 {[%clk 0:03:59]} Bxf3 {[%clk
0:28:38]} 20. Qxf3 {[%clk 0:04:18]} Bxe5 {[%clk 0:27:01]} 21. Rad1 {[%clk
0:04:41]} Qc7 {[%clk 0:25:48]} 22. Nd6 {[%clk 0:04:28]} Rf8 {[%clk 0:21:33]}
23. Nf7+ {[%clk 0:02:09]} Rxf7 {[%clk 0:21:22]} 24. Bxf7 {[%clk 0:02:38]} Nf5
{[%clk 0:19:44]} 25. Bd5 {[%clk 0:02:52]} Nd4 {[%clk 0:14:15]} 26. Rxd4 Bxd4
{[%clk 0:13:26]} 27. Bxb7 {[%clk 0:03:33]} Re8 {[%clk 0:08:44]} 28. Ba6 {[%clk
0:03:14]} Re6 {[%clk 0:02:24]} 29. Qa8+ {[%clk 0:03:34]} 1-0

[Event "Deutsche Ländermeisterschaft 2017"]
[Site "Hannover GER"]
[Date "2017.10.01"]
[Round "2"]
[White "Abicht, Aruna Sophia"]
[Black "Reuter, Elisa"]
[Result "0-1"]
[Termination "normal"]
[Board "6.7"]
[WhiteElo "1349"]
[BlackElo "1910"]
[WhiteClock "00:11:23"]
[BlackClock "00:42:16"]
[WhiteTeam "Hamburg"]
[BlackTeam "Thüringen"]
[PlyCount "116"]
[BlackFideId "12995444"]
[EventCountry "GER"]
[EventRounds "7"]
[EventType "team-swiss"]
[EventDate "2017.09.29"]

1. e4 {[%clk 1:30:58]} c5 {[%clk 1:30:57]} 2. Nf3 {[%clk 1:31:19]} g6 {[%clk
1:31:21]} 3. d4 {[%clk 1:31:38]} cxd4 {[%clk 1:31:49]} 4. Nxd4 {[%clk 1:31:58]}
Bg7 {[%clk 1:32:16]} 5. Be3 {[%clk 1:32:17]} Nc6 {[%clk 1:32:43]} 6. Nc3 {[%clk
1:32:19]} Nf6 {[%clk 1:32:36]} 7. Nxc6 {[%clk 1:31:30]} bxc6 {[%clk 1:33:10]}
8. e5 {[%clk 1:31:25]} Ng8 {[%clk 1:33:07]} 9. Bd4 {[%clk 1:31:32]} Nh6 {[%clk
1:29:30]} 10. e6 {[%clk 1:29:33]} O-O {[%clk 1:27:43]} 11. Bxg7 {[%clk
1:28:47]} Kxg7 {[%clk 1:27:54]} 12. Qd4+ {[%clk 1:27:03]} Kg8 {[%clk 1:27:01]}
13. exf7+ {[%clk 1:26:35]} Rxf7 {[%clk 1:25:45]} 14. Bd3 {[%clk 1:24:40]} Nf5
{[%clk 1:23:37]} 15. Bxf5 {[%clk 1:22:29]} Rxf5 {[%clk 1:23:59]} 16. O-O-O
{[%clk 1:21:22]} Qb6 {[%clk 1:22:03]} 17. Qxb6 {[%clk 1:19:35]} axb6 {[%clk
1:20:21]} 18. f3 {[%clk 1:17:45]} b5 {[%clk 1:19:45]} 19. a3 {[%clk 1:15:48]}
d6 {[%clk 1:12:53]} 20. Rhe1 {[%clk 1:13:55]} Rf7 {[%clk 1:12:05]} 21. Ne4
{[%clk 1:10:28]} h6 {[%clk 1:10:25]} 22. Re3 {[%clk 1:08:57]} Bf5 {[%clk
1:04:38]} 23. Rde1 {[%clk 1:08:20]} Bxe4 {[%clk 1:04:30]} 24. Rxe4 {[%clk
1:08:37]} Ra7 {[%clk 1:03:59]} 25. Re6 {[%clk 1:02:49]} Kg7 {[%clk 1:04:06]}
26. R1e4 c5 {[%clk 0:59:03]} 27. Kb1 {[%clk 0:51:21]} Rb7 {[%clk 0:58:38]} 28.
h4 {[%clk 0:46:54]} c4 {[%clk 0:53:01]} 29. c3 {[%clk 0:44:29]} Rc7 {[%clk
0:50:57]} 30. Ka2 {[%clk 0:41:43]} g5 {[%clk 0:48:17]} 31. hxg5 {[%clk
0:40:55]} hxg5 {[%clk 0:48:40]} 32. b3 {[%clk 0:39:40]} Kf8 {[%clk 0:46:36]}
33. Rg4 {[%clk 0:34:15]} Rf5 {[%clk 0:45:42]} 34. Rg6 {[%clk 0:28:04]} Rcc5
{[%clk 0:44:41]} 35. bxc4 {[%clk 0:22:46]} bxc4 {[%clk 0:44:55]} 36. Kb2 {[%clk
0:22:43]} Rfe5 {[%clk 0:43:46]} 37. Re4 {[%clk 0:22:34]} Rxe4 {[%clk 0:43:41]}
38. fxe4 {[%clk 0:22:57]} Re5 {[%clk 0:44:05]} 39. a4 {[%clk 0:22:38]} Kf7
{[%clk 0:44:17]} 40. Rh6 {[%clk 0:22:42]} Rxe4 {[%clk 0:44:34]} 41. Ka3 {[%clk
0:22:17]} Re2 {[%clk 0:44:00]} 42. a5 {[%clk 0:21:11]} Re1 {[%clk 0:43:15]} 43.
Kb2 {[%clk 0:18:24]} Re5 {[%clk 0:43:33]} 44. a6 {[%clk 0:17:56]} Ra5 {[%clk
0:43:58]} 45. Rh5 {[%clk 0:16:45]} Kg6 {[%clk 0:43:15]} 46. Rh8 {[%clk
0:15:10]} Rxa6 {[%clk 0:43:36]} 47. Rc8 {[%clk 0:14:50]} d5 {[%clk 0:43:32]}
48. g4 {[%clk 0:14:21]} Kg7 {[%clk 0:43:20]} 49. Rc7 {[%clk 0:13:21]} Re6
{[%clk 0:43:09]} 50. Rd7 {[%clk 0:13:17]} Re5 {[%clk 0:43:24]} 51. Ka3 {[%clk
0:13:32]} Kf6 {[%clk 0:43:40]} 52. Rd8 {[%clk 0:13:06]} e6 {[%clk 0:42:19]} 53.
Kb4 {[%clk 0:12:56]} Re4 {[%clk 0:42:31]} 54. Kc5 {[%clk 0:12:33]} Ke5 {[%clk
0:41:45]} 55. Rh8 {[%clk 0:12:14]} Rxg4 {[%clk 0:42:06]} 56. Rh5 {[%clk
0:12:32]} Rg3 {[%clk 0:41:51]} 57. Kb4 {[%clk 0:12:20]} Kf5 {[%clk 0:42:02]}
58. Rh8 {[%clk 0:11:23]} g4 {[%clk 0:42:16]} 0-1

[Event "Deutsche Ländermeisterschaft 2017"]
[Site "Hannover GER"]
[Date "2017.10.01"]
[Round "2"]
[White "Schubert, Nikita"]
[Black "Kieckbusch, Lotta"]
[Result "1-0"]
[Termination "normal"]
[Board "6.8"]
[WhiteElo "1842"]
[BlackElo "1221"]
[WhiteClock "00:08:31"]
[BlackClock "00:16:45"]
[WhiteTeam "Thüringen"]
[BlackTeam "Hamburg"]
[PlyCount "147"]
[WhiteFideId "16212339"]
[BlackFideId "16214390"]
[EventCountry "GER"]
[EventRounds "7"]
[EventType "team-swiss"]
[EventDate "2017.09.29"]

1. e4 {[%clk 1:30:56]} c6 {[%clk 1:30:36]} 2. d4 {[%clk 1:31:20]} d5 {[%clk
1:31:01]} 3. exd5 {[%clk 1:31:28]} cxd5 {[%clk 1:31:18]} 4. Bd3 {[%clk
1:31:20]} Nc6 {[%clk 1:30:36]} 5. c3 {[%clk 1:29:13]} Nf6 {[%clk 1:29:57]} 6.
Bf4 {[%clk 1:27:42]} Bg4 {[%clk 1:21:26]} 7. Ne2 {[%clk 1:11:10]} e6 {[%clk
1:19:54]} 8. O-O {[%clk 1:09:50]} Be7 {[%clk 1:17:06]} 9. f3 {[%clk 0:59:11]}
Bh5 {[%clk 1:15:48]} 10. Bg3 {[%clk 0:58:17]} Qb6 {[%clk 1:13:02]} 11. Qb3
{[%clk 0:57:01]} Bd8 {[%clk 1:09:08]} 12. Nf4 {[%clk 0:50:03]} O-O {[%clk
1:01:18]} 13. Nxh5 {[%clk 0:44:12]} Nxh5 {[%clk 1:00:13]} 14. Qc2 {[%clk
0:34:19]} f5 {[%clk 0:55:15]} 15. Bf2 {[%clk 0:30:44]} Nf4 {[%clk 0:49:31]} 16.
Rd1 {[%clk 0:28:27]} Rf6 {[%clk 0:46:59]} 17. Bf1 {[%clk 0:27:25]} Rc8 {[%clk
0:43:11]} 18. Qd2 {[%clk 0:25:09]} Bc7 {[%clk 0:39:26]} 19. Na3 {[%clk
0:21:06]} Rcf8 {[%clk 0:35:18]} 20. Nc2 {[%clk 0:19:40]} Rh6 {[%clk 0:33:27]}
21. Be3 {[%clk 0:18:08]} Rh4 {[%clk 0:17:48]} 22. g3 {[%clk 0:13:04]} Nh3+
{[%clk 0:16:23]} 23. Bxh3 {[%clk 0:12:43]} Rxh3 {[%clk 0:16:30]} 24. Kg2 {[%clk
0:12:51]} Rh5 {[%clk 0:15:30]} 25. Ne1 {[%clk 0:11:53]} Rf6 {[%clk 0:12:40]}
26. Nd3 {[%clk 0:11:13]} Bd6 {[%clk 0:10:26]} 27. Bg5 {[%clk 0:10:05]} Rg6
{[%clk 0:08:09]} 28. Bf4 {[%clk 0:10:34]} Qc7 {[%clk 0:07:35]} 29. Bxd6 {[%clk
0:10:17]} Qxd6 {[%clk 0:05:19]} 30. Nf4 {[%clk 0:10:13]} Rhh6 {[%clk 0:03:30]}
31. Nxg6 {[%clk 0:09:18]} Rxg6 {[%clk 0:03:46]} 32. Re1 {[%clk 0:06:44]} h5
{[%clk 0:03:09]} 33. Qf2 {[%clk 0:05:00]} f4 {[%clk 0:01:11]} 34. Rh1 {[%clk
0:03:47]} fxg3 {[%clk 0:00:37]} 35. hxg3 {[%clk 0:04:09]} Rg5 {[%clk 0:00:40]}
36. Rae1 {[%clk 0:03:00]} Ne7 {[%clk 0:00:46]} 37. Rh3 {[%clk 0:02:06]} Ng6
{[%clk 0:00:51]} 38. Kh1 {[%clk 0:01:34]} Kf7 {[%clk 0:00:34]} 39. f4 {[%clk
0:01:11]} Rf5 {[%clk 0:00:44]} 40. Qe2 {[%clk 0:00:51]} a6 {[%clk 0:00:35]} 41.
Rxh5 {[%clk 0:25:37]} Rf6 {[%clk 0:27:49]} 42. Rf1 {[%clk 0:16:27]} Ne7 {[%clk
0:27:20]} 43. Qd3 {[%clk 0:14:56]} Nf5 {[%clk 0:26:10]} 44. g4 {[%clk 0:14:16]}
Ne7 {[%clk 0:25:06]} 45. f5 {[%clk 0:11:44]} Qd7 {[%clk 0:22:57]} 46. fxe6+
{[%clk 0:10:08]} Qxe6 {[%clk 0:22:52]} 47. Rxf6+ {[%clk 0:10:10]} gxf6 {[%clk
0:22:20]} 48. Qf3 {[%clk 0:05:20]} Qe1+ {[%clk 0:21:00]} 49. Kg2 {[%clk
0:05:47]} Qd2+ {[%clk 0:20:14]} 50. Qf2 {[%clk 0:06:10]} Qd3 {[%clk 0:20:11]}
51. Rh1 {[%clk 0:04:25]} Qe4+ {[%clk 0:20:07]} 52. Qf3 {[%clk 0:04:53]} Qc2+
{[%clk 0:20:12]} 53. Kg3 {[%clk 0:05:00]} Qg6 {[%clk 0:19:34]} 54. Re1 {[%clk
0:04:40]} Nc6 {[%clk 0:18:01]} 55. Qxd5+ {[%clk 0:04:35]} Kg7 {[%clk 0:17:56]}
56. Qd7+ {[%clk 0:04:19]} Qf7 {[%clk 0:18:13]} 57. Qxf7+ {[%clk 0:04:27]} Kxf7
{[%clk 0:18:26]} 58. d5 {[%clk 0:04:21]} Nd8 {[%clk 0:16:45]} 59. d6 {[%clk
0:04:33]} b5 {[%clk 0:16:14]} 60. d7 {[%clk 0:04:55]} a5 {[%clk 0:15:34]} 61.
Re8 {[%clk 0:05:07]} Nc6 {[%clk 0:15:27]} 62. d8=Q {[%clk 0:05:27]} Nxd8 {[%clk
0:15:53]} 63. Rxd8 {[%clk 0:05:48]} Ke7 {[%clk 0:15:58]} 64. Ra8 {[%clk
0:06:06]} a4 {[%clk 0:15:52]} 65. Ra6 {[%clk 0:06:31]} Kf7 {[%clk 0:15:57]} 66.
Kf4 {[%clk 0:06:50]} Kg6 {[%clk 0:16:02]} 67. g5 {[%clk 0:07:14]} Kg7 {[%clk
0:16:01]} 68. gxf6+ {[%clk 0:07:33]} Kf7 {[%clk 0:16:11]} 69. Kf5 {[%clk
0:07:53]} Ke8 {[%clk 0:16:11]} 70. Ke6 {[%clk 0:07:49]} Kd8 {[%clk 0:16:15]}
71. Ra7 {[%clk 0:07:59]} Kc8 {[%clk 0:16:22]} 72. f7 {[%clk 0:08:06]} Kb8
{[%clk 0:16:37]} 73. Re7 {[%clk 0:08:31]} Kc8 {[%clk 0:16:45]} 74. f8=Q# 1-0

[Event "Deutsche Ländermeisterschaft 2017"]
[Site "Hannover GER"]
[Date "2017.10.01"]
[Round "2"]
[White "Rahnfeld, Jens"]
[Black "Focke, Adrian"]
[Result "1-0"]
[Termination "normal"]
[Board "7.1"]
[WhiteTitle "FM"]
[WhiteElo "2310"]
[BlackElo "1768"]
[WhiteTeam "Baden 2"]
[BlackTeam "Mecklenburg-Vorpommern"]
[PlyCount "55"]
[WhiteFideId "12939617"]
[BlackFideId "12969869"]
[EventCountry "GER"]
[EventRounds "7"]
[EventType "team-swiss"]
[EventDate "2017.09.29"]

1. e4 c5 2. Nf3 e6 3. d4 cxd4 4. Nxd4 a6 5. c4 Nf6 6. Nc3 Qc7 7. a3 b6 8. Be3
Bb7 9. f3 d6 10. Be2 Nbd7 11. Rc1 Be7 12. O-O Rc8 13. b4 O-O 14. Qd2 Kh8 15.
Rc2 Qb8 16. Rb1 Rfd8 17. Kh1 Qa8 18. Na4 d5 19. exd5 exd5 20. Nf5 Bf8 21. Nxb6
Nxb6 22. Bxb6 Re8 23. Bd4 Re6 24. c5 Rce8 25. Bf1 Bc6 26. Rcc1 Qc8 27. Qc3 Qd8
28. Bxa6 1-0

[Event "Deutsche Ländermeisterschaft 2017"]
[Site "Hannover GER"]
[Date "2017.10.01"]
[Round "2"]
[White "Hund, Sarah"]
[Black "Schumann, Rabea"]
[Result "0-1"]
[Termination "normal"]
[Board "7.3"]
[WhiteElo "2005"]
[BlackElo "1868"]
[WhiteTeam "Baden 2"]
[BlackTeam "Mecklenburg-Vorpommern"]
[PlyCount "102"]
[WhiteFideId "12923338"]
[BlackFideId "12918199"]
[EventCountry "GER"]
[EventRounds "7"]
[EventType "team-swiss"]
[EventDate "2017.09.29"]

1. e4 c5 2. Nc3 Nc6 3. f4 e6 4. Nf3 d5 5. Bb5 Nge7 6. exd5 exd5 7. Qe2 f6 8.
O-O Kf7 9. Qf2 a6 10. Be2 Nf5 11. b3 Nb4 12. Bd1 b6 13. a3 Nc6 14. Bb2 d4 15.
Ne4 Bd6 16. Be2 Be6 17. Rae1 Re8 18. Bd3 Qd7 19. g4 Nh6 20. Nfg5+ fxg5 21.
fxg5+ Kg8 22. gxh6 Bd5 23. Nxd6 Qxd6 24. hxg7 Ne5 25. Be4 Bxe4 26. Rxe4 Kxg7
27. c3 Qg6 28. cxd4 Qxe4 29. dxe5 Qxg4+ 30. Qg2 Qxg2+ 31. Kxg2 Re6 32. Rf4 Rd8
33. Bc3 Rd3 34. b4 cxb4 35. axb4 h5 36. Rd4 Rxd4 37. Bxd4 a5 38. bxa5 bxa5 39.
Ba1 Rc6 40. Kf3 Kg6 41. Ke4 Rc4+ 42. Bd4 a4 43. Kd3 Rc6 44. Bb2 Kf5 45. h3 Rc8
46. Kd4 Rc2 47. Bc3 a3 48. Kd5 Rxc3 49. dxc3 a2 50. e6 a1=Q 51. e7 Qe1 0-1

[Event "Deutsche Ländermeisterschaft 2017"]
[Site "Hannover GER"]
[Date "2017.10.01"]
[Round "2"]
[White "Fromm, Marius"]
[Black "Wiesner, Alexander"]
[Result "1-0"]
[Termination "normal"]
[Board "7.4"]
[WhiteElo "1876"]
[BlackElo "1935"]
[WhiteTeam "Mecklenburg-Vorpommern"]
[BlackTeam "Baden 2"]
[PlyCount "61"]
[WhiteFideId "12993190"]
[BlackFideId "12943991"]
[EventCountry "GER"]
[EventRounds "7"]
[EventType "team-swiss"]
[EventDate "2017.09.29"]

1. Nf3 d5 2. c4 e6 3. g3 Nf6 4. Bg2 dxc4 5. Na3 Bxa3 6. bxa3 O-O 7. Qc2 Nc6 8.
Bb2 Re8 9. Qxc4 e5 10. Ng5 Qe7 11. O-O Nd7 12. Ne4 Nb6 13. Qc2 Bg4 14. d3 Nd4
15. Bxd4 exd4 16. Rfe1 c6 17. Qb2 Rad8 18. Rab1 Rd5 19. h3 Bc8 20. Qb4 c5 21.
Qa5 Rh5 22. g4 Rh4 23. Qxa7 Nd5 24. Qxc5 Qd8 25. Qxd4 h5 26. Qxd5 Qxd5 27. Nf6+
gxf6 28. Bxd5 hxg4 29. hxg4 Rxg4+ 30. Bg2 Re5 31. Rb4 1-0

[Event "Deutsche Ländermeisterschaft 2017"]
[Site "Hannover GER"]
[Date "2017.10.01"]
[Round "2"]
[White "Wu, Luka"]
[Black "Troyke, Jannis"]
[Result "1/2-1/2"]
[Termination "normal"]
[Board "7.5"]
[WhiteElo "1902"]
[BlackElo "1937"]
[WhiteTeam "Baden 2"]
[BlackTeam "Mecklenburg-Vorpommern"]
[PlyCount "74"]
[WhiteFideId "12977420"]
[BlackFideId "12993115"]
[EventCountry "GER"]
[EventRounds "7"]
[EventType "team-swiss"]
[EventDate "2017.09.29"]

1. e4 e5 2. Nf3 Nc6 3. Bb5 a6 4. Ba4 Nge7 5. O-O g6 6. c3 Bg7 7. d4 exd4 8.
cxd4 b5 9. Bc2 d5 10. exd5 Nxd5 11. Re1+ Be6 12. Bg5 Qd6 13. Nc3 Nxc3 14. bxc3
O-O 15. a3 Rfe8 16. Qd2 Na5 17. Bf4 Qb6 18. Be5 Nc4 19. Qf4 Nxe5 20. Nxe5 Bd5
21. Be4 Qe6 22. Bxd5 Qxd5 23. Ng4 Qc6 24. Qd2 Rad8 25. h3 h5 26. Ne3 Qd6 27.
Nc2 c5 28. Rxe8+ Rxe8 29. Rd1 Rd8 30. f3 Be5 31. Qd3 Bg3 32. Qd2 Qe7 33. Kf1
Rd6 34. Qe2 Re6 35. Qd2 Rd6 36. Qe2 Re6 37. Qd2 Rd6 1/2-1/2

[Event "Deutsche Ländermeisterschaft 2017"]
[Site "Hannover GER"]
[Date "2017.10.01"]
[Round "2"]
[White "Großmann, Piet"]
[Black "Lohrmann, Tabea"]
[Result "0-1"]
[Termination "normal"]
[Board "7.6"]
[WhiteElo "1830"]
[BlackElo "1708"]
[WhiteTeam "Mecklenburg-Vorpommern"]
[BlackTeam "Baden 2"]
[PlyCount "54"]
[WhiteFideId "16234359"]
[BlackFideId "12911941"]
[EventCountry "GER"]
[EventRounds "7"]
[EventType "team-swiss"]
[EventDate "2017.09.29"]

1. e4 e5 2. Nf3 Nc6 3. d4 exd4 4. Nxd4 Bc5 5. Nxc6 bxc6 6. Bd3 d5 7. O-O Ne7 8.
Nc3 Bb7 9. a3 Ng6 10. exd5 cxd5 11. Re1+ Kf8 12. Bd2 Qh4 13. Rf1 Ne5 14. Be1
Ng4 15. h3 h5 16. Qf3 Bd6 17. Qe2 Re8 18. Qd2 Nh2 19. f3 Nxf1 20. Bxf1 Qf4 21.
Qxf4 Bxf4 22. Ne2 Be3+ 23. Bf2 Rh6 24. Bxe3 Rxe3 25. Kf2 Re7 26. Nd4 Rb6 27. b3
c5 0-1

[Event "Deutsche Ländermeisterschaft 2017"]
[Site "Hannover GER"]
[Date "2017.10.01"]
[Round "2"]
[White "Doll, Rebecca"]
[Black "Breß, Amy Charlize"]
[Result "0-1"]
[Termination "normal"]
[Board "7.7"]
[WhiteElo "1589"]
[BlackElo "1602"]
[WhiteTeam "Baden 2"]
[BlackTeam "Mecklenburg-Vorpommern"]
[PlyCount "66"]
[WhiteFideId "16236890"]
[BlackFideId "16233786"]
[EventCountry "GER"]
[EventRounds "7"]
[EventType "team-swiss"]
[EventDate "2017.09.29"]

1. e4 c5 2. c3 d5 3. exd5 Qxd5 4. d4 Nc6 5. Nf3 Bg4 6. dxc5 Qxc5 7. Be3 Qf5 8.
Be2 Nf6 9. h3 Bxf3 10. Bxf3 Qc8 11. O-O e6 12. Re1 Be7 13. Bf4 O-O 14. Nd2 Rd8
15. Qc2 Rd7 16. Ne4 Nd5 17. Bh2 Qd8 18. Rad1 Qc8 19. Ng3 Qd8 20. Re2 Nxc3 21.
Rde1 Nxe2+ 22. Nxe2 Rc8 23. Nc3 Nd4 24. Qe4 Nxf3+ 25. Qxf3 Bf6 26. Bf4 Qb6 27.
Bc1 Bxc3 28. bxc3 Qc6 29. Bb2 Qxf3 30. gxf3 Rd2 31. Rb1 Rcd8 32. Kg2 Rc2 33. a3
Rdd2 0-1

[Event "Deutsche Ländermeisterschaft 2017"]
[Site "Hannover GER"]
[Date "2017.10.01"]
[Round "2"]
[White "Niermann, Tristan"]
[Black "Tiarks, Jann-Christian"]
[Result "0-1"]
[Termination "normal"]
[Board "8.1"]
[WhiteElo "2277"]
[BlackElo "2056"]
[WhiteTeam "Nordrhein-Westfalen"]
[BlackTeam "Brandenburg"]
[PlyCount "72"]
[WhiteFideId "12990698"]
[BlackFideId "12951595"]
[EventCountry "GER"]
[EventRounds "7"]
[EventType "team-swiss"]
[EventDate "2017.09.29"]

1. d4 d5 2. c4 e6 3. Nf3 Nf6 4. g3 Be7 5. Bg2 O-O 6. O-O b6 7. cxd5 exd5 8. Nc3
Bb7 9. Qc2 c5 10. Rd1 Nbd7 11. dxc5 bxc5 12. e4 d4 13. e5 Bxf3 14. Bxf3 Nxe5
15. Bg2 Rc8 16. Qf5 Nc4 17. Nb5 Qb6 18. Re1 Rce8 19. b3 Qxb5 20. bxc4 Qxc4 21.
Bg5 Qa6 22. Re5 h6 23. Bh4 Bd8 24. Rxc5 Re6 25. Bf1 Qd6 26. Rac1 Rfe8 27. Bc4
Re5 28. Rxe5 Qxe5 29. Qb1 Bb6 30. Qb3 Qe7 31. Rc2 g5 32. Qf3 Kg7 33. Re2 Qd7
34. Rxe8 Qxe8 35. Bd3 Qe5 36. Qb7 gxh4 0-1